Basketball Players by Picture - Italy - Statistics

General Stats
  • This quiz has been taken 10 times
  • The average score is 14 of 25
Answer Stats
Picture Answer % Correct
Daniel Hackett
100%
Danilo Gallinari
100%
Luigi Datome
100%
Marco Belinelli
100%
Nicolò Melli
100%
Simone Fontecchio
89%
Alessandro Gentile
78%
Andrea Bargnani
78%
Gianluca Basile
78%
Dino Meneghin
67%
Carlton Myers
56%
Giacomo Galanda
56%
Denis Marconato
44%
Mike D'Antoni
44%
Stefano Mancinelli
44%
Antonello Riva
33%
Claudio Coldebella
33%
Gregor Fučka
33%
Riccardo Pittis
33%
Stefano Rusconi
33%
Vincenzo Esposito
33%
Augusto Binelli
22%
Pierluigi Marzorati
22%
Roberto Brunamonti
22%
Walter Magnifico
22%
No matching quizzes found
Score Distribution
Percent of People with Each Score
Percentile by Number Answered
Your Score History
You have not taken this quiz